effect of wehg fertilizer on lettuce at crop station of royal university of agriculture(ឥទ្ធិពលនៃជីវែកលើដំណាំសាលាដ ក្នុងលក្ខខណ្ឌសាកលវិទ្យាល័យភូមិន្ទកសិកម្ម) (Record no. 911)
[ view plain ]
| 000 -LEADER | |
|---|---|
| fixed length control field | 00643nam a22001337a 4500 |
| 040 ## - CATALOGING SOURCE | |
| Transcribing agency | RUA |
| 082 ## - DEWEY DECIMAL CLASSIFICATION NUMBER | |
| Classification number | AGR CHH 2009 B039 Or.1 |
| 100 ## - MAIN ENTRY--AUTHOR NAME | |
| Personal name | CHHUON CHHAIYA |
| 245 ## - TITLE STATEMENT | |
| Title | effect of wehg fertilizer on lettuce at crop station of royal university of agriculture(ឥទ្ធិពលនៃជីវែកលើដំណាំសាលាដ ក្នុងលក្ខខណ្ឌសាកលវិទ្យាល័យភូមិន្ទកសិកម្ម) |
| 260 ## - PUBLICATION, DISTRIBUTION, ETC. (IMPRINT) | |
| Place of publication | Phnom Penh |
| Name of publisher | RUA |
| Year of publication | 2009 |
| 300 ## - PHYSICAL DESCRIPTION | |
| Number of Pages | xii, 42p. |
| Other physical details | ill. |
| Dimensions | 29cm. |
| 856 ## - ELECTRONIC LOCATION AND ACCESS | |
| Uniform Resource Identifier | https://drive.google.com/file/d/10kz_W3WWoDlDPd0ZWqyf7W_5PYH58RME/view?usp=sharing |
| 942 ## - ADDED ENTRY ELEMENTS (KOHA) | |
| Koha item type | AGR |
| 952 ## - LOCATION AND ITEM INFORMATION (KOHA) | |
| Withdrawn status [LOCAL, KOHA] | 0 |
| Permanent Location | Date acquired | Koha item type | Lost status | Shelving location | Barcode | Current Location | Full call number |
|---|---|---|---|---|---|---|---|
| Library Block B | 2015-09-20 | AGR | B039 | RUA000160 | Library Block B | AGR CHH 2009 B039 Or.1 |